International marketing and export management (Record no. 139858)

MARC details
000 -LEADER
fixed length control field 00406nam a2200157Ia 4500
008 - FIXED-LENGTH DATA ELEMENTS--GENERAL INFORMATION
fixed length control field 230917s9999||||xx |||||||||||||| ||und||
040 ## - CATALOGING SOURCE
-- 114129
Original cataloging agency VIVEKANANDA LIBRARY
041 ## - Language
-- English
082 ## - DDC NUMBER
Classification number 658.8 A13I
100 ## - MAIN ENTRY--PERSONAL NAME
Personal name Albaum, Gerald
245 #0 - TITLE STATEMENT
Title International marketing and export management
250 ## - EDITION STATEMENT
Edition statement 5th ed.
260 ## - PUBLICATION, DISTRIBUTION, ETC. (IMPRINT)
Place of publication, distribution, etc New Delhi
Name of publisher, distributor, etc Pearson Education
Date of publication, distribution, etc 2005
300 ## - PHYSICAL DESCRIPTION
Pages xxii, 666 p.
942 ## - ADDED ENTRY ELEMENTS (KOHA)
Koha item type Books
Holdings
Withdrawn status Lost status Damaged status Not for loan Location (home branch) Sublocation or collection (holding branch) Date acquired Koha issues (times borrowed) Koha full call number Accession No. Koha date last seen Koha item type Shelving location
        VIVEKANANDA LIBRARY VIVEKANANDA LIBRARY 02/04/2008   658.8 A13I 243461 17/09/2023 Books  
        VIVEKANANDA LIBRARY VIVEKANANDA LIBRARY 02/04/2008   658.8 A13I 243462 17/09/2023 Books  
        VIVEKANANDA LIBRARY VIVEKANANDA LIBRARY 02/04/2008   658.8 A13I 259042 17/09/2023 Books  
        VIVEKANANDA LIBRARY VIVEKANANDA LIBRARY 02/04/2008   658.8 A13I 277660 17/09/2023 Books IHTM Library
        VIVEKANANDA LIBRARY VIVEKANANDA LIBRARY 02/04/2008   658.8 A13I 277661 17/09/2023 Books IHTM Library
        VIVEKANANDA LIBRARY VIVEKANANDA LIBRARY 02/04/2008   658.8 A13I 277662 17/09/2023 Books IHTM Library
© Designed and Maintained by Vivekananda Library, MDU Rohtak